[Event "Rewal 2011 - Open A"]
[Site "Rewal"]
[Date "2011.08.27"]
[Round "8.6"]
[White "Guzik, Jolanta"]
[Black "Dragun, Kamil"]
[Result "0-1"]
[WhiteElo "2150"]
[BlackElo "2428"]
[EventDate "2011.??.??"]
[PlyCount "66"]

1.e4 c5 2.c4 Nc6 3.Nc3 g6 4.g3 Bg7 5.Bg2 Nf6 6.Nge2 O-O 7.O-O d6 8.d3 Ne8 
9.Rb1 Nc7 10.a3 a5 11.h3 Ne6 12.f4 Ned4 13.g4 e6 14.Be3 Rb8 15.Ng3 b5 16.
cxb5 Nxb5 17.Nxb5 Rxb5 18.e5 Nd4 19.Ne4 dxe5 20.fxe5 Bxe5 21.Bh6 Bg7 22.
Qd2 f5 23.Bxg7 Kxg7 24.Nc3 Rb6 25.Na4 Rb5 26.Rbe1 Qd6 27.Nc3 Rb8 28.gxf5 
exf5 29.Nd5 Be6 30.Nf4 Bf7 31.Rf2 Rfe8 32.h4 Rxb2 33.Qxb2 Rxe1+ 0-1

[Event "Rewal 2011 - Open A"]
[Site "Rewal"]
[Date "2011.08.27"]
[Round "8.11"]
[White "Klekowski, Maciej"]
[Black "Dowgird, Filip"]
[Result "1-0"]
[WhiteElo "2248"]
[BlackElo "2110"]
[EventDate "2011.??.??"]
[PlyCount "53"]

1.c4 e5 2.Nc3 Nf6 3.g3 d6 4.Bg2 Nbd7 5.d3 g6 6.e4 Bg7 7.f4 exf4 8.gxf4 Nh5
9.Nf3 O-O 10.O-O c6 11.d4 Ndf6 12.e5 Ng4 13.Ne4 dxe5 14.fxe5 f6 15.Nd6 
fxe5 16.c5 exd4 17.Qb3+ Kh8 18.Bg5 Qc7 19.Rae1 Ne3 20.Ne5 Bf5 21.Nef7+ 
Rxf7 22.Nxf7+ Kg8 23.Nd6+ Kh8 24.Bd8 Rxd8 25.Nf7+ Qxf7 26.Qxf7 Nxf1 27.
Re8+ 1-0

[Event "Rewal 2011 - Open A"]
[Site "Rewal"]
[Date "2011.08.27"]
[Round "8.12"]
[White "Cukrowski, Filip"]
[Black "Maljush, Andrej"]
[Result "1/2-1/2"]
[WhiteElo "2113"]
[BlackElo "2316"]
[EventDate "2011.??.??"]
[PlyCount "160"]

1.e4 g6 2.d4 Bg7 3.f4 d6 4.Nc3 c6 5.Nf3 Nf6 6.Bd3 Qc7 7.O-O Nbd7 8.e5 Nd5 
9.Nxd5 cxd5 10.Qe2 Nb6 11.a4 e6 12.b3 Bd7 13.Ba3 Nc8 14.Rac1 Qb6 15.Qf2 
Bf8 16.Nd2 Bc6 17.Rce1 Be7 18.c3 Bd7 19.Bc2 Qc7 20.Re3 dxe5 21.fxe5 Rf8 
22.Bxe7 Nxe7 23.Rf3 O-O-O 24.Nb1 Be8 25.Qd2 Ng8 26.Bd3 a6 27.Rc1 Qb6 28.
Qa2 f6 29.a5 Qc7 30.b4 Bc6 31.Qf2 Rf7 32.Rf1 Rdf8 33.exf6 Rxf6 34.Qe2 Bd7 
35.Rxf6 Rxf6 36.Rc1 Kb8 37.Nd2 Ba4 38.Nf3 Ka7 39.Ne5 Ne7 40.Ng4 Rf4 41.g3 
Rf8 42.Qxe6 Nc6 43.Qxd5 Nxb4 44.Qc4 Qxc4 45.Bxc4 Nc6 46.Ra1 Bb5 47.Bd5 Ne7
48.Be6 Nc6 49.Bd5 Ne7 50.Be4 Rc8 51.Rc1 Bc6 52.Bd3 Bd7 53.Ne5 Bf5 54.Be2 
Rd8 55.Bf3 Be6 56.Rb1 Bd5 57.Be2 Be4 58.Ra1 Nd5 59.Ra3 Ne3 60.Ra2 Nd5 61.
Ra3 Ne3 62.Kf2 Nc2 63.Ra2 Rf8+ 64.Bf3 Bxf3 65.Nxf3 Ne1 66.Kxe1 Rxf3 67.Rc2
Rf5 68.Ra2 Rh5 69.c4 Kb8 70.d5 Kc7 71.Re2 Kd6 72.Rd2 Re5+ 73.Re2 Rh5 74.
Kd2 Rf5 75.h4 Rf1 76.Re1 Rf3 77.Re3 Rf1 78.Rb3 Rf7 79.Re3 Rf1 80.Rb3 Rf7 
1/2-1/2

[Event "Rewal 2011 - Open A"]
[Site "Rewal"]
[Date "2011.08.27"]
[Round "8.13"]
[White "Musialkiewicz, Jan"]
[Black "Obrusnik, Michal"]
[Result "1-0"]
[WhiteElo "2150"]
[BlackElo "2255"]
[EventDate "2011.??.??"]
[PlyCount "47"]

1.e4 c5 2.Nf3 d6 3.d4 cxd4 4.Nxd4 Nf6 5.Nc3 a6 6.Bg5 e6 7.f4 Qb6 8.Qd2 
Qxb2 9.Rb1 Qa3 10.f5 Nc6 11.fxe6 fxe6 12.Nxc6 bxc6 13.e5 dxe5 14.Bxf6 gxf6
15.Ne4 Be7 16.Be2 h5 17.Rb3 Qxa2 18.Nxf6+ Bxf6 19.O-O Bd7 20.Rd3 O-O-O 21.
Qb4 Be7 22.Qxe7 Qxc2 23.Qb4 Rhg8 24.Rd2 1-0

[Event "Rewal 2011 - Open A"]
[Site "Rewal"]
[Date "2011.08.27"]
[Round "8.14"]
[White "Brzezinski, Mateusz"]
[Black "Szymanski, Andrzej"]
[Result "0-1"]
[WhiteElo "2042"]
[BlackElo "2214"]
[EventDate "2011.??.??"]
[PlyCount "50"]

1.c4 e5 2.Nc3 Nc6 3.Nf3 g6 4.g3 Bg7 5.Bg2 d6 6.O-O Be6 7.d3 h6 8.Rb1 Nf6 
9.b4 O-O 10.b5 Ne7 11.a4 Rc8 12.Ba3 b6 13.Qc2 Nh5 14.Na2 Qd7 15.Rfd1 Bh3 
16.Bh1 f5 17.d4 e4 18.Ne1 e3 19.fxe3 f4 20.exf4 Nxf4 21.Ng2 Nxg2 22.Bxg2 
Bxg2 23.Kxg2 Nf5 24.Rd3 Nxd4 25.Qd2 Qf5 0-1

[Event "Rewal 2011 - Open A"]
[Site "Rewal"]
[Date "2011.08.27"]
[Round "8.15"]
[White "Zochowski, Kacper"]
[Black "Szumilas, Piotr"]
[Result "0-1"]
[WhiteElo "1954"]
[BlackElo "2162"]
[EventDate "2011.??.??"]
[PlyCount "112"]

1.e4 c5 2.Nf3 Nc6 3.d4 cxd4 4.Nxd4 g6 5.c4 Bg7 6.Be3 Nf6 7.Nc3 O-O 8.Be2 
d6 9.O-O Bd7 10.Nc2 Rc8 11.Rc1 Ne5 12.Na3 Bc6 13.f4 Ned7 14.Bf3 a5 15.Qe2 
Qc7 16.Nab5 Qb8 17.Rfd1 b6 18.Nd4 Bb7 19.Nd5 Nxd5 20.exd5 Nc5 21.Bf2 Qc7 
22.h4 Rfe8 23.f5 Be5 24.fxg6 hxg6 25.h5 Kg7 26.hxg6 Bxd4 27.gxf7 Bxf2+ 28.
Qxf2 Rh8 29.Qd4+ Kxf7 30.Rf1 Rh6 31.Bh5+ Kg8 32.Rf7 Ne6 33.dxe6 Qc5 34.
Qxc5 Rxc5 35.Bg4 Rg5 36.Bf3 Rxe6 37.Bxb7 Kxf7 38.Bd5 Rxd5 39.cxd5 Re2 40.
b4 Rxa2 41.bxa5 bxa5 42.Rb1 Kf6 43.Rb7 Rc2 44.Rb1 a4 45.Rb4 a3 46.Ra4 Rc1+
47.Kh2 Ra1 48.Ra7 a2 49.Kg3 Kf5 50.Kh2 Kf4 51.g3+ Ke5 52.Rxe7+ Kxd5 53.Ra7
Ke5 54.g4 Kf4 55.Kg2 d5 56.Kh2 d4 0-1

[Event "Rewal 2011 - Open A"]
[Site "Rewal"]
[Date "2011.08.27"]
[Round "8.16"]
[White "Szmyd, Arkadiusz"]
[Black "Motyl, Tomasz"]
[Result "1-0"]
[WhiteElo "2155"]
[BlackElo "2027"]
[EventDate "2011.??.??"]
[PlyCount "83"]

1.e4 g6 2.d4 d6 3.Nc3 a6 4.a4 Bg7 5.Nf3 Nc6 6.Bc4 e5 7.Bg5 f6 8.Be3 Bg4 9.
Ne2 f5 10.Ng5 fxe4 11.Nf7 Qd7 12.Nxh8 d5 13.h3 Bxe2 14.Bxe2 exd4 15.Bf4 
Bxh8 16.O-O Nge7 17.Rb1 O-O-O 18.b4 Ne5 19.b5 a5 20.b6 c5 21.Rb5 c4 22.
Rxa5 Qc6 23.Qb1 Kd7 24.Qb4 Rc8 25.Bg5 Nf5 26.g4 h6 27.Bc1 Nh4 28.Ba3 Bf6 
29.Rb5 d3 30.Bd1 dxc2 31.Bxc2 Nhf3+ 32.Kh1 Nd4 33.Bxe4 dxe4 34.Rxe5 e3+ 
35.f3 e2 36.Rxe2 Nxe2 37.Rd1+ Ke6 38.Rd6+ Ke5 39.Rxc6 Rxc6 40.Qe1 c3 41.
Qxe2+ Kf4 42.Bc1+ 1-0

[Event "Rewal 2011 - Open A"]
[Site "Rewal"]
[Date "2011.08.27"]
[Round "8.17"]
[White "Gajek, Radoslaw"]
[Black "Mroziak, Maciej"]
[Result "1/2-1/2"]
[WhiteElo "2054"]
[BlackElo "2153"]
[EventDate "2011.??.??"]
[PlyCount "116"]

1.e4 c5 2.Nf3 d6 3.d4 cxd4 4.Nxd4 Nf6 5.Nc3 g6 6.Be3 Bg7 7.f3 O-O 8.Qd2 
Nc6 9.O-O-O d5 10.exd5 Nxd5 11.Nxc6 bxc6 12.Bd4 Bxd4 13.Qxd4 Qc7 14.Bc4 e5
15.Qd2 Be6 16.Ne4 f6 17.h4 Rad8 18.Qf2 Qb6 19.Qg3 Kh8 20.h5 g5 21.Rhe1 Nf4
22.Rxd8 Rxd8 23.Bxe6 Qd4 24.Qf2 Qxf2 25.Nxf2 Nxe6 26.Ne4 Kg7 27.g3 h6 28.
c3 f5 29.Nf2 Kf6 30.Kc2 Rd5 31.g4 Rc5 32.gxf5 Kxf5 33.Ng4 Nd4+ 34.Kd3 Nxf3
35.Nxh6+ Ke6 36.Re3 Rd5+ 37.Ke2 Nh4 38.Ng4 Ng2 39.c4 Nxe3 40.cxd5+ Nxd5 
41.h6 Nf6 42.Ne3 c5 43.a4 Kf7 44.Nc4 Nd7 45.Kd3 Kg6 46.Ke4 Kxh6 47.Kf5 Kh5
48.Ne3 Kh4 49.a5 Kg3 50.Kxg5 Kf3 51.Nc4 e4 52.Kf5 e3 53.Nxe3 Kxe3 54.Ke6 
Nb8 55.Kd5 Na6 56.Kc4 Ke4 57.Kb5 Nb8 58.Kxc5 Ke5 1/2-1/2

[Event "Rewal 2011 - Open A"]
[Site "Rewal"]
[Date "2011.08.27"]
[Round "8.19"]
[White "Sabuk, Piotr"]
[Black "Koitka, Jakub"]
[Result "1-0"]
[WhiteElo "2199"]
[BlackElo "1917"]
[EventDate "2011.??.??"]
[PlyCount "71"]

1.e4 e5 2.Nf3 Nc6 3.Bb5 a6 4.Ba4 Nf6 5.O-O Be7 6.Re1 b5 7.Bb3 d6 8.c3 O-O 
9.d4 Bg4 10.Be3 exd4 11.cxd4 d5 12.e5 Ne4 13.Nc3 Nxc3 14.bxc3 Na5 15.Bc2 
Nc4 16.Qd3 g6 17.Bh6 Re8 18.Qd1 c6 19.h3 Bxf3 20.Qxf3 Bg5 21.Bxg5 Qxg5 22.
a4 Reb8 23.Re2 b4 24.cxb4 Rxb4 25.Rae1 Rf8 26.a5 Rb2 27.Qc3 Rfb8 28.e6 
fxe6 29.Rxe6 Qf4 30.g3 Qf8 31.R1e2 Qh6 32.Re8+ Rxe8 33.Rxe8+ Kf7 34.Qe1 
Qg5 35.Qe6+ Kg7 36.Qg8+ 1-0

[Event "Rewal 2011 - Open A"]
[Site "Rewal"]
[Date "2011.08.27"]
[Round "8.20"]
[White "Korosciel, Aneta"]
[Black "Kubit, Tomasz"]
[Result "1/2-1/2"]
[WhiteElo "2066"]
[BlackElo "2178"]
[EventDate "2011.??.??"]
[PlyCount "20"]

1.e4 d5 2.exd5 Nf6 3.d4 Nxd5 4.c4 Nb6 5.Nf3 g6 6.c5 Nd5 7.Bc4 Bg7 8.Qb3 c6
9.O-O O-O 10.Nc3 Nxc3 1/2-1/2

[Event "Rewal 2011 - Open A"]
[Site "Rewal"]
[Date "2011.08.27"]
[Round "8.22"]
[White "Kaminski, Piotr"]
[Black "Kubica, Kamil"]
[Result "1-0"]
[WhiteElo "2158"]
[BlackElo "1941"]
[EventDate "2011.??.??"]
[PlyCount "119"]

1.d4 d5 2.Nf3 Nf6 3.Bf4 e6 4.e3 Bd6 5.Nbd2 Bxf4 6.exf4 O-O 7.Bd3 Nc6 8.c3 
h6 9.O-O Nh5 10.g3 Nf6 11.Ne5 Ne7 12.g4 Nd7 13.g5 Nxe5 14.fxe5 Ng6 15.f4 
hxg5 16.Qh5 g4 17.Rf2 Re8 18.Bxg6 fxg6 19.Qxg6 Rf8 20.Qxg4 Rf7 21.Nf3 g6 
22.Rg2 Rg7 23.Ng5 Qe7 24.Rg3 Kf8 25.Rh3 Ke8 26.Rh8+ Kd7 27.Qh3 b6 28.Nh7 
Bb7 29.Nf6+ Kc6 30.Rxa8 Bxa8 31.Qh6 Bb7 32.Kf2 Ba6 33.Ke3 b5 34.a3 Kb6 35.
b4 Bb7 36.Rg1 c5 37.dxc5+ Ka6 38.Kd4 Qf7 39.h4 Bc6 40.h5 Be8 41.Rxg6 Rxg6 
42.Qxg6 Qxg6 43.hxg6 Bxg6 44.Ke3 Kb7 45.Kf3 Bf5 46.Kg3 Kc7 47.Kh4 Kd8 48.
Kg5 Bh3 49.Ng8 Kd7 50.Kf6 a6 51.Ne7 Bg4 52.Ng6 Ke8 53.c6 Kd8 54.Nf8 Kc7 
55.Nxe6+ Kxc6 56.Nd4+ Kd7 57.f5 Ke8 58.e6 a5 59.Nxb5 d4 60.cxd4 1-0

[Event "Rewal 2011 - Open A"]
[Site "Rewal"]
[Date "2011.08.27"]
[Round "8.24"]
[White "Kasperek, Joanna"]
[Black "Mitura, Vaclav"]
[Result "1/2-1/2"]
[WhiteElo "2025"]
[BlackElo "2150"]
[EventDate "2011.??.??"]
[PlyCount "138"]

1.e4 c6 2.d4 d5 3.exd5 cxd5 4.c4 Nf6 5.Nc3 Nc6 6.Nf3 Bg4 7.Be3 e6 8.c5 Ne4
9.Be2 Nxc3 10.bxc3 Qc7 11.h3 Bh5 12.O-O Be7 13.Qd2 O-O 14.Rab1 b6 15.Bf4 
Qd8 16.cxb6 axb6 17.Ne5 Nxe5 18.Bxe5 Bxe2 19.Qxe2 Ra4 20.Rb2 Ba3 21.Rb3 
Bd6 22.Rb2 Bxe5 23.Qxe5 h6 24.Rfb1 Qg5 25.Qe2 Rfa8 26.Qc2 g6 27.Qe2 Kg7 
28.g3 Qf5 29.Kg2 h5 30.h4 R8a5 31.Rc1 b5 32.Rcc2 Rc4 33.Rb4 Kh7 34.Rbb2 
Qg4 35.Qe5 Qf5 36.Qe2 Kg7 37.Rb4 Kh7 38.Rbb2 Kh6 39.Qe3+ Kg7 40.Qe2 Kh7 
41.Rb4 Kh6 42.Rbb2 g5 43.hxg5+ Qxg5 44.Rb1 Kg6 45.Qd3+ Qf5 46.Qe2 Rxa2 47.
Rxa2 Qxb1 48.Rb2 Qe4+ 49.Qxe4+ dxe4 50.Rxb5 Rxc3 51.Re5 f5 52.Rxe6+ Kg5 
53.d5 Rd3 54.d6 h4 55.gxh4+ Kxh4 56.Rg6 Kh5 57.Re6 Kg5 58.Kf1 Rd2 59.Ke1 
Rd4 60.Ke2 f4 61.d7 Kf5 62.Re7 f3+ 63.Ke1 Kf4 64.Rf7+ Ke5 65.Rh7 Ke6 66.
Rh6+ Kxd7 67.Ra6 Rd6 68.Ra4 Re6 69.Kd2 e3+ 1/2-1/2

[Event "Rewal 2011 - Open A"]
[Site "Rewal"]
[Date "2011.08.27"]
[Round "8.26"]
[White "Wandzik, Wojciech"]
[Black "Spicak, Krzysztof"]
[Result "1-0"]
[WhiteElo "2239"]
[BlackElo "2054"]
[EventDate "2011.??.??"]
[PlyCount "63"]

1.e4 e6 2.d4 d5 3.exd5 exd5 4.Nf3 Bd6 5.c4 c6 6.Nc3 Ne7 7.Bd3 Bf5 8.Bxf5 
Nxf5 9.cxd5 O-O 10.O-O cxd5 11.Qb3 Nc6 12.Qxd5 Nfxd4 13.Nxd4 Nxd4 14.Rd1 
Bxh2+ 15.Kxh2 Qh4+ 16.Kg1 Rad8 17.Bg5 Rxd5 18.Bxh4 Rd7 19.Nb5 Ne2+ 20.Kf1 
Rxd1+ 21.Rxd1 Nf4 22.Nxa7 f6 23.Bg3 Ne6 24.Rd7 b6 25.Rd6 Kf7 26.Rxb6 g5 
27.Nb5 Ra8 28.Nd6+ Kg6 29.a3 Ra4 30.Nb7 Nf8 31.Nc5 Rc4 32.Bd6 1-0

[Event "Rewal 2011 - Open A"]
[Site "Rewal"]
[Date "2011.08.27"]
[Round "8.28"]
[White "Kielar, Maciej"]
[Black "Smolka, Marcin"]
[Result "1-0"]
[WhiteElo "2138"]
[BlackElo "1862"]
[EventDate "2011.??.??"]
[PlyCount "63"]

1.d3 d5 2.Nd2 e5 3.g3 Nf6 4.Bg2 c6 5.c4 Bd6 6.e3 Be6 7.Ne2 Nbd7 8.O-O Bb4 
9.Qc2 O-O 10.a3 Be7 11.b3 Qb6 12.Bb2 Rfd8 13.Rac1 Rac8 14.Nf3 e4 15.dxe4 
Nxe4 16.Nfd4 Ndf6 17.Nf4 c5 18.Ndxe6 fxe6 19.Rfd1 g5 20.Nxe6 Qxe6 21.cxd5 
Rxd5 22.Rxd5 Nxd5 23.Bxe4 Qf7 24.Rd1 Nf6 25.Bxf6 Qxf6 26.Bxb7 Rf8 27.Be4 
h5 28.Rd7 h4 29.Bf5 a5 30.e4 hxg3 31.hxg3 Kg7 32.Qxc5 1-0

[Event "Rewal 2011 - Open A"]
[Site "Rewal"]
[Date "2011.08.27"]
[Round "8.30"]
[White "Lapaj, Mateusz"]
[Black "Siedlinski, Piotr"]
[Result "1/2-1/2"]
[WhiteElo "2021"]
[BlackElo "2078"]
[EventDate "2011.??.??"]
[PlyCount "69"]

1.e4 e5 2.Nf3 Nc6 3.Bb5 Nge7 4.Nc3 g6 5.d4 exd4 6.Nxd4 Bg7 7.Be3 d6 8.Qd2 
O-O 9.h4 d5 10.O-O-O dxe4 11.Bxc6 Nxc6 12.Nxc6 Qxd2+ 13.Rxd2 bxc6 14.Nxe4 
Bf5 15.Nc5 Rfe8 16.h5 Rab8 17.Nb3 a5 18.hxg6 fxg6 19.Bd4 a4 20.Nc5 Rb4 21.
Bxg7 Kxg7 22.f3 Rc4 23.Nd3 a3 24.bxa3 Ra8 25.g4 Be6 26.Re2 Bd5 27.Re7+ Kf6
28.Rhxh7 Rxa3 29.Ne5 Rd4 30.c4 Bxc4 31.Kb2 Rxa2+ 32.Kc3 Bg8 33.Kxd4 Ra4+ 
34.Kc5 Ra5+ 35.Kd4 1/2-1/2

[Event "Rewal 2011 - Open A"]
[Site "Rewal"]
[Date "2011.08.27"]
[Round "8.31"]
[White "Miturova, Magdalena"]
[Black "Bes, Michal"]
[Result "1/2-1/2"]
[WhiteElo "2072"]
[BlackElo "1906"]
[EventDate "2011.??.??"]
[PlyCount "37"]

1.e4 e5 2.Nf3 Nc6 3.Nc3 Bb4 4.Nd5 Bc5 5.Bc4 Nf6 6.d3 Nxd5 7.exd5 Nd4 8.
Nxd4 Bxd4 9.O-O O-O 10.Qe2 d6 11.c3 Bb6 12.Be3 Bf5 13.a4 Bg6 14.a5 Bxe3 
15.Qxe3 a6 16.Bb3 h6 17.d4 f6 18.Rfe1 Qd7 19.Qg3 1/2-1/2

[Event "Rewal 2011 - Open A"]
[Site "Rewal"]
[Date "2011.08.27"]
[Round "8.32"]
[White "Tomaszewska, Luiza"]
[Black "Sliwerski, Radoslaw"]
[Result "0-1"]
[WhiteElo "1993"]
[BlackElo "2174"]
[EventDate "2011.??.??"]
[PlyCount "76"]

1.e4 d6 2.Nf3 Nf6 3.Nc3 g6 4.d4 Bg7 5.Be2 O-O 6.Bg5 c6 7.Qd2 b5 8.a3 Bg4 
9.Bh6 Nbd7 10.Bxg7 Kxg7 11.e5 Ne8 12.Qf4 Bxf3 13.Bxf3 d5 14.h4 Nc7 15.Bg4 
f5 16.exf6+ Rxf6 17.Qg3 Nb6 18.O-O Qd6 19.Qxd6 exd6 20.Rfe1 Kf7 21.Re2 Rf4
22.Rae1 Re8 23.Rxe8 Nxe8 24.Be6+ Kf8 25.f3 Rxd4 26.Ne2 Rd2 27.Nf4 Ng7 28.
Nh3 Nxe6 29.Rxe6 Rxc2 30.h5 gxh5 31.Rxd6 Ke7 32.Rh6 d4 33.Nf4 c5 34.Rxh7+ 
Kd6 35.Rh6+ Kd7 36.Rh7+ Ke8 37.Rxh5 c4 38.Re5+ Kd7 0-1

[Event "Rewal 2011 - Open A"]
[Site "Rewal"]
[Date "2011.08.27"]
[Round "8.33"]
[White "Zmarzly, Aleksandra"]
[Black "Leczycki, Pawel"]
[Result "1/2-1/2"]
[WhiteElo "2094"]
[BlackElo "2002"]
[EventDate "2011.??.??"]
[PlyCount "41"]

1.e4 e5 2.Nf3 Nc6 3.Bb5 a6 4.Bxc6 dxc6 5.Nc3 Qf6 6.d4 exd4 7.Qxd4 Bg4 8.
Qxf6 Nxf6 9.Ne5 Bh5 10.f3 O-O-O 11.g4 Bg6 12.Be3 Bd6 13.Nd3 Rhe8 14.O-O-O 
h5 15.g5 Nd7 16.h4 c5 17.Rhf1 c4 18.Nf4 Ne5 19.Ncd5 b5 20.a3 c6 21.Nc3 
1/2-1/2

[Event "Rewal 2011 - Open A"]
[Site "Rewal"]
[Date "2011.08.27"]
[Round "8.35"]
[White "Andrzejewska, Anna"]
[Black "Krupa, Krzysztof"]
[Result "0-1"]
[WhiteElo "1987"]
[BlackElo "2035"]
[EventDate "2011.??.??"]
[PlyCount "74"]

1.e4 c5 2.Nf3 Nc6 3.d4 cxd4 4.Nxd4 g6 5.Nc3 Bg7 6.Be3 Nf6 7.Bc4 O-O 8.Bb3 
a5 9.f3 d5 10.exd5 Nb4 11.O-O a4 12.Nxa4 Nbxd5 13.Bf2 Qa5 14.c4 Nf4 15.Nb5
Rd8 16.Qe1 Rd2 17.Rd1 Rxd1 18.Qxd1 Nd7 19.Re1 Bf6 20.a3 Ra6 21.Bc2 Re6 22.
b4 Qa6 23.Be4 Be5 24.Nc5 Nxc5 25.Qd8+ Kg7 26.Bxc5 b6 27.Bxe7 Rxe7 28.Qxe7 
Be6 29.Bb7 Qa4 30.Qg5 Nd3 31.Rf1 Bf4 32.Qd8 Be3+ 33.Kh1 Qc2 34.Be4 Nf2+ 
35.Kg1 Qe2 36.Rb1 Nd1+ 37.Kh1 Qf1# 0-1

[Event "Rewal 2011 - Open A"]
[Site "Rewal"]
[Date "2011.08.27"]
[Round "8.37"]
[White "Ziebinski, Bartosz"]
[Black "Zielinski, Wojciech"]
[Result "1/2-1/2"]
[WhiteElo "2003"]
[BlackElo "2097"]
[EventDate "2011.??.??"]
[PlyCount "46"]

1.e4 e6 2.d4 d5 3.Nd2 Nf6 4.e5 Nfd7 5.Bd3 c5 6.c3 Nc6 7.Ne2 f6 8.exf6 Nxf6
9.Nf3 cxd4 10.cxd4 Bd6 11.O-O O-O 12.Bf4 Bxf4 13.Nxf4 Qd6 14.Ne2 e5 15.
dxe5 Nxe5 16.Nxe5 Qxe5 17.Qd2 Bd7 18.Qc3 Qd6 19.f3 Rae8 20.Qd4 b6 21.b4 
Re5 22.Ng3 Rfe8 23.Kf2 Nh5 1/2-1/2

[Event "Rewal 2011 - Open A"]
[Site "Rewal"]
[Date "2011.08.27"]
[Round "8.38"]
[White "Lewtak, Damian"]
[Black "Mlodzinska, Irena"]
[Result "1/2-1/2"]
[WhiteElo "2093"]
[BlackElo "1926"]
[EventDate "2011.??.??"]
[PlyCount "49"]

1.d4 Nf6 2.c4 d6 3.Nc3 g6 4.e4 Bg7 5.f3 Nbd7 6.Bg5 h6 7.Be3 c6 8.Qd2 b6 9.
Nh3 Bb7 10.Nf2 Qc7 11.Be2 a6 12.Rc1 h5 13.O-O c5 14.b4 h4 15.Nd5 Qd8 16.
bxc5 bxc5 17.Rb1 Bxd5 18.cxd5 cxd4 19.Bxd4 Bh6 20.Qd3 O-O 21.Rb7 Nc5 22.
Bxc5 dxc5 23.Rd1 Qd6 24.Nh3 Nh5 25.Rdb1 1/2-1/2

[Event "Rewal 2011 - Open A"]
[Site "Rewal"]
[Date "2011.08.27"]
[Round "8.39"]
[White "Duszenko, Michal"]
[Black "Sliwicki, Damian"]
[Result "1/2-1/2"]
[WhiteElo "1840"]
[BlackElo "1899"]
[EventDate "2011.??.??"]
[PlyCount "181"]

1.e4 c5 2.Nf3 Nc6 3.d4 cxd4 4.Nxd4 g6 5.Be3 Bg7 6.Nc3 Nf6 7.Be2 O-O 8.O-O 
d6 9.Kh1 a6 10.f4 Bd7 11.Nf3 b5 12.a3 Rc8 13.Qe1 Ng4 14.Bg1 f5 15.exf5 
Bxf5 16.Nh4 Nh6 17.Nxf5 Nxf5 18.Bd3 Nfd4 19.f5 gxf5 20.Bxf5 Nxf5 21.Qe6+ 
Kh8 22.Rxf5 Rxf5 23.Qxf5 Ne5 24.Rf1 Qd7 25.Qe4 e6 26.Qh4 Ng6 27.Qh5 d5 28.
Rf3 Kg8 29.Rh3 Bh8 30.Qe2 Qc6 31.Qg4 Re8 32.Rd3 Qc4 33.Qd1 a5 34.b3 Qc6 
35.Ne2 Qd6 36.c4 bxc4 37.bxc4 d4 38.Nxd4 Rd8 39.Rd2 Qf4 40.Nf3 Rxd2 41.
Qxd2 Qxd2 42.Nxd2 Bb2 43.Nb3 Ne5 44.Nxa5 Bxa3 45.c5 Bb4 46.Nb3 Nc6 47.g3 
Kf7 48.Kg2 e5 49.Kf3 Ke6 50.Ke4 Nb8 51.Be3 Nd7 52.h3 Nf6+ 53.Kd3 Kd5 54.
Bg5 Ng8 55.Bd8 Nh6 56.g4 Bxc5 57.Nxc5 Kxc5 58.Ke4 Kd6 59.Bf6 Nf7 60.h4 Ke6
61.Bg7 Nd6+ 62.Ke3 Kd5 63.Bf8 Nc4+ 64.Ke2 e4 65.g5 Ke6 66.h5 Kf7 67.Bc5 
Ke6 68.Bf8 Kf7 69.Bc5 Kg8 70.Kf2 Kg7 71.Kg3 Nd2 72.Kf4 Kg8 73.Be3 Nf1 74.
Kxe4 Ng3+ 75.Ke5 Nxh5 76.Kf5 Ng7+ 77.Ke5 Kf7 78.Bd2 Kg6 79.Ke4 Nf5 80.Kf3 
Nd4+ 81.Ke4 Nb3 82.Be3 Na5 83.Kd5 Nb7 84.Bb6 Kxg5 85.Kc6 h5 86.Kxb7 Kg4 
87.Bc7 h4 88.Kc6 h3 89.Kd5 Kf5 90.Kd4 h2 91.Bxh2 1/2-1/2

[Event "Rewal 2011 - Open A"]
[Site "Rewal"]
[Date "2011.08.27"]
[Round "8.40"]
[White "Falkowski, Dawid"]
[Black "Gabrys, Sebastian"]
[Result "0-1"]
[WhiteElo "2059"]
[BlackElo "1805"]
[EventDate "2011.??.??"]
[PlyCount "94"]

1.e4 c5 2.Nc3 e6 3.g3 Nf6 4.Bg2 d5 5.d3 d4 6.Nb1 e5 7.Ne2 Nc6 8.O-O Be7 9.
f4 Ng4 10.Na3 O-O 11.h3 Ne3 12.Bxe3 dxe3 13.Nc4 exf4 14.gxf4 Bf6 15.e5 Bh4
16.Nxe3 Nd4 17.Nc3 Qb6 18.Ncd5 Qg6 19.Kh1 Qg3 20.c3 Bxh3 21.cxd4 cxd4 22.
Rf3 Bxg2+ 23.Nxg2 Qg4 24.Nxh4 Qxh4+ 25.Kg2 Rfc8 26.Rh3 Qd8 27.Nf6+ gxf6 
28.Qg4+ Kf8 29.Rxh7 Qd5+ 30.Kg1 Ke7 31.exf6+ Kd6 32.Re1 Rg8 33.Rg7 Rh8 34.
Re4 Rae8 35.Qg5 Qxa2 36.Rxd4+ Kc7 37.Rd7+ Kb8 38.Rxb7+ Ka8 39.Re7 Qb1+ 40.
Kg2 Qh1+ 41.Kg3 Qg1+ 42.Kf3 Qd1+ 43.Ke4 Qe1+ 44.Kd4 Rd8+ 45.Rd7 Qf2+ 46.
Kd5 Qe3 47.Qf5 Rc8 0-1

[Event "Rewal 2011 - Open A"]
[Site "Rewal"]
[Date "2011.08.27"]
[Round "8.41"]
[White "Boruta, Dawid"]
[Black "Jarus, Grzegorz"]
[Result "0-1"]
[WhiteElo "1874"]
[BlackElo "1858"]
[EventDate "2011.??.??"]
[PlyCount "108"]

1.f4 e5 2.fxe5 d6 3.exd6 Bxd6 4.Nf3 Bg4 5.e3 Nc6 6.Bb5 Nf6 7.d3 O-O 8.Bxc6
bxc6 9.e4 c5 10.Nbd2 Nh5 11.O-O Rb8 12.Qe1 Nf4 13.Nc4 Ne6 14.Be3 f5 15.
Nfd2 f4 16.Bf2 f3 17.Nxf3 Bxf3 18.gxf3 Rxf3 19.Be3 Rxf1+ 20.Qxf1 Qh4 21.
Qf2 Qh5 22.Qg2 Bf4 23.Bf2 Rf8 24.Rf1 Nd4 25.Kh1 Rf6 26.Bxd4 cxd4 27.Nd2 
Rg6 28.Qf2 Rf6 29.Nf3 Be3 30.Qg3 h6 31.Qg2 Rg6 32.Qe2 Qg4 33.c3 c5 34.cxd4
cxd4 35.b4 h5 36.h4 Qh3+ 37.Nh2 Qxh4 38.Qf3 Rf6 39.Qg2 Bf4 40.Rg1 Rg6 41.
Qe2 Rf6 42.Qg2 Rg6 43.Qe2 Rxg1+ 44.Kxg1 Bxh2+ 45.Qxh2 Qe1+ 46.Kg2 Qe2+ 47.
Kg1 Qd1+ 48.Kf2 Qxd3 49.Qb8+ Kh7 50.Qe8 Qe3+ 51.Kg2 Qe2+ 52.Kg3 d3 53.Qe5 
Qg4+ 54.Kf2 d2 0-1

[Event "Rewal 2011 - Open A"]
[Site "Rewal"]
[Date "2011.08.28"]
[Round "9.1"]
[White "Cyborowski, Lukasz"]
[Black "Pacuszka, Tomasz"]
[Result "1-0"]
[WhiteElo "2537"]
[BlackElo "2289"]
[EventDate "2011.??.??"]
[PlyCount "75"]

1.c4 e5 2.Nc3 Nc6 3.Nf3 f5 4.d3 Bb4 5.Bd2 Nf6 6.a3 Bxc3 7.Bxc3 Qe7 8.e3 d6
9.Be2 O-O 10.O-O Kh8 11.b4 Bd7 12.Qc2 Nd8 13.Nd2 Nf7 14.Rae1 c6 15.Qb2 b5 
16.f4 Rae8 17.Bf3 g5 18.cxb5 cxb5 19.Nb3 g4 20.Bd1 Nd5 21.fxe5 Nxe5 22.
Bxe5+ Qxe5 23.Qxe5+ Rxe5 24.e4 Rfe8 25.Bc2 fxe4 26.dxe4 Nb6 27.Bd3 Be6 28.
Nd2 Bc4 29.Bxc4 Nxc4 30.Nxc4 bxc4 31.Rd1 Rxe4 32.Rxd6 R8e7 33.Rc6 Rd7 34.
Rc1 Rd3 35.a4 Ra3 36.a5 c3 37.R6xc3 Rxb4 38.Rxa3 1-0

[Event "Rewal 2011 - Open A"]
[Site "Rewal"]
[Date "2011.08.28"]
[Round "9.2"]
[White "Koziak, Vitali"]
[Black "Licznerski, Lukasz"]
[Result "1/2-1/2"]
[WhiteElo "2484"]
[BlackElo "2122"]
[EventDate "2011.??.??"]
[PlyCount "134"]

1.d4 Nf6 2.c4 c5 3.d5 b5 4.cxb5 a6 5.bxa6 Bxa6 6.Nc3 d6 7.Nf3 g6 8.e4 Bxf1
9.Kxf1 Nbd7 10.g3 Bg7 11.Kg2 O-O 12.Qe2 Qa5 13.Bd2 Rfb8 14.b3 Ng4 15.Rac1 
Qa6 16.Qxa6 Rxa6 17.Rc2 Nge5 18.Nxe5 Nxe5 19.Rb1 Nd3 20.a4 f5 21.exf5 Nb4 
22.Rcc1 Bxc3 23.Bxc3 Nxd5 24.fxg6 hxg6 25.a5 Nxc3 26.Rxc3 Rxa5 27.Re1 Rb7 
28.Rce3 Kf7 29.Rf3+ Ke8 30.Re6 Rab5 31.Rxg6 Rxb3 32.Rg8+ Kd7 33.Rff8 c4 
34.Rd8+ Kc6 35.Rg4 d5 36.Rg6+ Kc5 37.Rc8+ Kd4 38.h4 Rb8 39.Rgc6 Kc3 40.h5 
Rxc8 41.Rxc8 Rb6 42.g4 Rh6 43.Kg3 d4 44.Kh4 d3 45.Kg5 Rf6 46.h6 d2 47.h7 
d1=Q 48.h8=Q Qd5+ 49.Kh4 Qh1+ 50.Kg5 Qd5+ 51.Kh4 Qh1+ 52.Kg5 Qxh8 53.Rxh8 
Rxf2 54.Re8 Re2 55.Kg6 Kb2 56.Rb8+ Kc2 57.g5 e5 58.Kf5 e4 59.Kf4 c3 60.g6 
Rg2 61.Rb6 Kd1 62.Rd6+ Ke1 63.Kxe4 c2 64.Rc6 Kd1 65.Kf5 c1=Q 66.Rxc1+ Kxc1
67.Kf6 Rxg6+ 1/2-1/2

[Event "Rewal 2011 - Open A"]
[Site "Rewal"]
[Date "2011.08.28"]
[Round "9.3"]
[White "Klim, Kamil"]
[Black "Nguyen, Piotr"]
[Result "1-0"]
[WhiteElo "2328"]
[BlackElo "2378"]
[EventDate "2011.??.??"]
[PlyCount "77"]

1.d4 f5 2.Nf3 Nf6 3.g3 g6 4.Bg2 Bg7 5.O-O O-O 6.c4 d6 7.Nc3 c6 8.Rb1 Kh8 
9.b4 Be6 10.d5 cxd5 11.cxd5 Bg8 12.Nd4 Qc8 13.Bb2 Qc4 14.Qd2 a5 15.Rfc1 
Nbd7 16.Ncb5 Qxb4 17.Qd1 Nc5 18.Ne6 Qa4 19.Nxf8 Rxf8 20.Bd4 Qxd1+ 21.Rxd1 
Nfe4 22.Bxe4 Nxe4 23.f3 Bxd4+ 24.Rxd4 Nc5 25.Na3 Bf7 26.Nc4 Ra8 27.Nb6 Ra6
28.Kf2 Kg7 29.Nc4 Be8 30.Nb6 Kf6 31.e4 Ra7 32.Ke3 Na6 33.Rc4 Nc5 34.Kd4 a4
35.Rc3 a3 36.e5+ Kg7 37.exd6 exd6 38.Nc4 Ra4 39.Rxa3 1-0

[Event "Rewal 2011 - Open A"]
[Site "Rewal"]
[Date "2011.08.28"]
[Round "9.4"]
[White "Dragun, Kamil"]
[Black "Strzemiecki, Zbigniew"]
[Result "1-0"]
[WhiteElo "2428"]
[BlackElo "2420"]
[EventDate "2011.??.??"]
[PlyCount "55"]

1.Nf3 Nf6 2.g3 b5 3.Bg2 Bb7 4.O-O e6 5.d3 d5 6.Nbd2 Be7 7.Re1 c5 8.c3 Nc6 
9.e4 Qc7 10.Qe2 O-O-O 11.a3 h6 12.exd5 exd5 13.d4 Qb6 14.Nb3 c4 15.Nc5 Bd6
16.Be3 Kb8 17.Ne5 Nxe5 18.Nxb7 Nf3+ 19.Bxf3 Qxb7 20.b3 Rc8 21.Reb1 cxb3 
22.Rxb3 Ka8 23.Rxb5 Qc6 24.c4 Ne4 25.Rxd5 Rhe8 26.Qd3 f5 27.Rxf5 Re7 28.
Re5 1-0